Thực hành phân tích thực phẩm

में बचाया:
ग्रंथसूची विवरण
मुख्य लेखक:  Thực hành phân tích thực phẩm
स्वरूप: Sách
भाषा:Undetermined
प्रकाशित:  Đại học Công nghiệp TP. Hồ Chí Minh  2024
विषय:
टैग : टैग जोड़ें
कोई टैग नहीं, इस रिकॉर्ड को टैग करने वाले पहले व्यक्ति बनें!
Thư viện lưu trữ: Trung tâm Thư viện - Trường Đại học Công nghiệp TP. Hồ Chí Minh
LEADER 00533nam a2200145Ia 4500
001 UIH_08205
008 241002s9999 xx 000 0 und d
082 |a  664 
100 |a  Thực hành phân tích thực phẩm 
245 0 |a  Thực hành phân tích thực phẩm 
260 |b  Đại học Công nghiệp TP. Hồ Chí Minh 
260 |c  2024 
650 |a Công nghệ thực phẩm 
927 |a Sách 
980 |a Trung tâm Thư viện - Trường Đại học Công nghiệp TP. Hồ Chí Minh